000 00556cam a2200193 4500500
005 20260405000456.0
041 _afre
042 _adc
100 1 0 _aAudidière, Sophie
_eauthor
245 0 0 _aLa matière sensible
260 _c2007.
500 _a37
690 _aÂme
690 _aDiderot
690 _aDroit naturel
690 _aMatérialisme
786 0 _nPhilosophie magazine | 12 | 9 | 2007-09-01 | p. 28-29 | 1951-1787
856 4 1 _uhttps://shs.cairn.info/magazine-philosophie-magazine-2007-9-page-28?lang=fr&redirect-ssocas=7080
999 _c2037501
_d2037501